000
00250nam a2200109Ia 4500
008
231212s2005 xx 000 0 und d
041
_a
eng
082
_a
626.381
100
_a
Patel B.M.
245
_a
Engg. Mathematics
260
_a
Pune
_b
Nirali
_c
2005
999
_c
965501
_d
965501